| 000 | 00476nam a2200205Ia 4500 | ||
|---|---|---|---|
| 008 | 170918s9999 xx 000 0 und d | ||
| 020 | _a9780545293501 | ||
| 050 | _bC445 2010 | ||
| 100 | _aChambers, Veronica | ||
| 245 | _aAmigas : | ||
| 245 | _bfifteen candles / | ||
| 245 | _cby Veronica Chambers. | ||
| 260 | _aNew York : | ||
| 260 | _bScholastic, | ||
| 260 | _c2010 | ||
| 300 | _a187 pages : | ||
| 300 | _billustrations ; | ||
| 300 | _c19cm. | ||
| 500 | _a800 | ||
| 999 |
_c343280 _d343280 |
||